Nghệ thuật trò chuyện với trẻ : Khi trẻ không muốn nói chuyện

Sách giới thiệu hiện tượng "Trầm lặng có lựa chọn" dưới nhiều góc độ khác nhau, tìm ra những nguyên nhân có thể gây nên hiện tượng này, nhằm cung cấp những tư liệu, kỹ năng giúp điều trị và giao tiếp với những đứa trẻ này...

全面介绍

Đã lưu trong:
书目详细资料
主要作者: Lynn, Carrie
格式: 图书
语言:Undetermined
出版: Hà Nội Tự Điển bách khoa 2007
主题:
标签: 添加标签
没有标签, 成为第一个标记此记录!
Thư viện lưu trữ: Trung tâm Học liệu Trường Đại học Cần Thơ
LEADER 01083nam a2200229Ia 4500
001 CTU_133084
008 210402s9999 xx 000 0 und d
020 |c 23000 
082 |a 649.68 
082 |b L989 
100 |a Lynn, Carrie 
245 0 |a Nghệ thuật trò chuyện với trẻ : 
245 0 |b Khi trẻ không muốn nói chuyện 
245 0 |c Carrie Lynn; Việt Văn Book biên dịch 
260 |a Hà Nội 
260 |b Tự Điển bách khoa 
260 |c 2007 
520 |a Sách giới thiệu hiện tượng "Trầm lặng có lựa chọn" dưới nhiều góc độ khác nhau, tìm ra những nguyên nhân có thể gây nên hiện tượng này, nhằm cung cấp những tư liệu, kỹ năng giúp điều trị và giao tiếp với những đứa trẻ này. 
650 |a Child rearing,Children,Nuôi dạy trẻ,Trẻ con 
650 |x Education,Giáo dục 
904 |i Trọng Hải 
980 |a Trung tâm Học liệu Trường Đại học Cần Thơ